How to prepare for data interpretation & logical reasoning for CAT / (Record no. 19812)

MARC details
000 -LEADER
fixed length control field 00904nam a2200253 a 4500
005 - DATE AND TIME OF LATEST TRANSACTION
control field 19900720100950.3
008 - FIXED-LENGTH DATA ELEMENTS--GENERAL INFORMATION
fixed length control field 891020s1990 nyua b 001 0 eng
010 ## - LCCN (DPL NO)
LC control number ENG-92188
020 ## - INTERNATIONAL STANDARD BOOK NUMBER
International Standard Book Number 9780070264175
Terms of availability 395.00
020 ## - INTERNATIONAL STANDARD BOOK NUMBER
International Standard Book Number 0070264171
Terms of availability 395.00
035 ## - SYSTEM CONTROL NUMBER
System control number EN-75721
037 ## - SOURCE OF ACQUISITION
Source of stock number/acquisition DBAD / PUB
040 ## - CATALOGING SOURCE
Original cataloging agency dpl
Language of cataloging English
082 ## - DEWEY DECIMAL CLASSIFICATION NUMBER
Classification number 000
100 ## - MAIN ENTRY--PERSONAL NAME
Personal name Sharma, Arun
245 ## - TITLE STATEMENT
Title How to prepare for data interpretation & logical reasoning for CAT /
Statement of responsibility, etc by Arun Sharma
250 ## - EDITION STATEMENT
Edition statement 4th ed
260 ## - PUBLICATION, DISTRIBUTION, ETC. (IMPRINT)
Place of publication, distribution, etc New Delhi
Name of publisher, distributor, etc Tata McGraw-Hill Publishing
Date of publication, distribution, etc 2009
300 ## - PHYSICAL DESCRIPTION
Extent Various pagings
Dimensions 28 cm (pbk)
Accompanying material CD-ROM
440 ## - SERIES STATEMENT/ADDED ENTRY--TITLE
Title Tata McGraw-Hill's winning we edge series
650 ## - SUBJECT ADDED ENTRY--TOPICAL TERM
Topical term or geographic name as entry element Common Admission Test
942 ## - ADDED ENTRY ELEMENTS (KOHA)
Source of classification or shelving scheme Dewey Decimal Classification
Item type English Books
Call number suffix SHA
Classification part 000
Holdings
Withdrawn status Lost status Source of classification or shelving scheme Damaged status Not for loan Collection code Home library Current library Date acquired Source of acquisition Cost, normal purchase price Total Checkouts Full call number Barcode Date last seen Copy number Cost, replacement price Koha item type
    Dewey Decimal Classification   Not For Loan Non-fiction D.B.Act.Division D.B.Act.Division 15/12/2008 DBAD / PUB 395.00   000 SHA EN-75721 15/12/2008 1 395.00 English Books

© Delhi Public Library
Hit Counter
free hit counter